Vista normal Vista MARC

Entrada Topical Term

Número de registros utilizados en: 1

001 - CONTROL NUMBER

  • control field: 36098

003 - CONTROL NUMBER IDENTIFIER

  • control field: OSt

005 - DATE AND TIME OF LATEST TRANSACTION

  • control field: 20210315121326.0

008 - FIXED-LENGTH DATA ELEMENTS

  • fixed length control field: 210315|| aca||aabn | a|a d

040 ## - CATALOGING SOURCE

  • Original cataloging agency: OSt
  • Transcribing agency: OSt

150 ## - HEADING--TOPICAL TERM

  • Topical term or geographic name entry element: Archivos parroquiales
  • General subdivision: Congreso, conferencias, etc

670 ## - SOURCE DATA FOUND

  • Source citation: Work cat.: (OSt): Seminario Nacional de Archivos de Iglesias, Credos y Religiones. (1° : 21,22 y 23 de agosto de 1996 : Bogotá ) 36096, Archivos de Iglesias, Credos y Religiones : , 2002